[Event "AUT-ch U18"]
[Site "Bad Ischl"]
[Date "2007.04.02"]
[Round "4"]
[White "Heiny, Johannes"]
[Black "Fandler, Simon"]
[Result "0-1"]
[WhiteElo "2182"]
[BlackElo "2035"]
[PlyCount "100"]
[EventDate "2007.03.31"]
[EventType "swiss"]
[EventRounds "7"]
[EventCountry "AUT"]
[SourceTitle "EXT 2008"]
[Source "ChessBase"]
[SourceDate "2007.11.25"]
[SourceVersion "1"]
[SourceVersionDate "2007.11.25"]
[SourceQuality "1"]

1. Nf3 Nf6 2. g3 g6 3. Bg2 Bg7 4. 0-0 0-0 5. d4 d5 6. c4 c6 7. Nbd2 Nbd7 8. b3 Nb6 9. Bb2 Be6 10. Rc1 a5 11. Re1 a4 12. c5 Nbd7 13. b4 Qc7 14. a3 Rfd8 15. h3 h5 16. Rc3 Bf5 17. Nh4 Be6 18. Qc2 Nf8 19. Rd1 Qd7 20. Kh2 N8h7 21. Nhf3 Bf5 22. Qc1 Bh6 23. Ne5 Qe6 24. e3 Ng5 25. h4 Nge4 26. Nxe4 Nxe4 27. Rc2 g5 28. hxg5 Bxg5 29. Nf3 Kg7 30. Rh1 Rh8 31. Kg1 Bf6 32. Nh4 Bxh4 33. Rxh4 Ng5 34. e4 Nxe4 35. Re2 Qh6 36. Qe1 Qg6 37. f3 Nf6 38. Rxe7 Rae8 39. Rxe8 Rxe8 40. Qf2 Qg5 41. Rf4 Bd3 42. Bf1 Qg6 43. Bc1 Bxf1 44. Kxf1 Qd3+ 45. Kg1 Qd1+ 46. Kg2 Re2 47. Be3 Rxf2+ 48. Bxf2 Qc1 49. Rf5 Qxa3 50. Rg5+ Kh6 0-1

[Event "AUT-chT2O 0607"]
[Site "Austria"]
[Date "2007.03.11"]
[Round "9.3"]
[White "Heiny, Johannes"]
[Black "Franzen, Jozef"]
[Result "1-0"]
[WhiteElo "2153"]
[BlackElo "2344"]
[PlyCount "55"]
[EventDate "2006.10.06"]
[EventType "team-tourn"]
[EventRounds "11"]
[EventCountry "AUT"]
[SourceTitle "EXT 2007"]
[Source "ChessBase"]
[SourceDate "2006.11.23"]
[SourceVersion "1"]
[SourceVersionDate "2006.11.23"]
[SourceQuality "1"]
[WhiteTeam "Wulkaprodersdorf"]
[BlackTeam "Pamhagen"]
[WhiteTeamCountry "AUT"]
[BlackTeamCountry "AUT"]

1. d4 Nf6 2. c4 d6 3. Nc3 Nbd7 4. Nf3 e5 5. g3 c6 6. Bg2 e4 7. Nd2 d5 8. cxd5 cxd5 9. f3 exf3 10. Bxf3 Nb6 11. e4 dxe4 12. Ndxe4 Nxe4 13. Bxe4 g6 14. Qe2 Be7 15. Bh6 Qxd4 16. Nb5 Qd8 17. Rd1 Bb4+ 18. Kf2 Qf6+ 19. Kg2 Be6 20. Nc7+ Ke7 21. Rhf1 Qe5 22. Bf4 Bc4 23. Bxe5 Bxe2 24. Bf6+ Kf8 25. Nxa8 Be7 26. Bxh8 Nxa8 27. Bxb7 Nb6 28. Bd4 1-0

[Event "AUT-chT2O 0607"]
[Site "Austria"]
[Date "2006.10.08"]
[Round "3.3"]
[White "Heiny, Johannes"]
[Black "Posch, Werner"]
[Result "1-0"]
[WhiteElo "2153"]
[BlackElo "2225"]
[PlyCount "55"]
[EventDate "2006.10.06"]
[EventType "team-tourn"]
[EventRounds "11"]
[EventCountry "AUT"]
[SourceTitle "EXT 2007"]
[Source "ChessBase"]
[SourceDate "2006.11.23"]
[SourceVersion "1"]
[SourceVersionDate "2006.11.23"]
[SourceQuality "1"]
[WhiteTeam "Wulkaprodersdorf"]
[BlackTeam "Neustaedt SV"]
[WhiteTeamCountry "AUT"]
[BlackTeamCountry "AUT"]

1. e4 Nf6 2. e5 Nd5 3. d4 d6 4. Nf3 Bg4 5. Be2 e6 6. 0-0 Be7 7. c4 Nb6 8. Nc3 0-0 9. Be3 Nc6 10. exd6 cxd6 11. d5 Bxf3 12. Bxf3 Ne5 13. dxe6 Nxf3+ 14. Qxf3 fxe6 15. Qg4 Rf5 16. Bxb6 Qxb6 17. Nd5 Qd8 18. Rae1 Bf8 19. Rxe6 Rg5 20. Qe4 Rc8 21. f4 Rh5 22. h3 a6 23. Kh2 b5 24. Ne7+ Bxe7 25. Rxe7 bxc4 26. Qe6+ Kh8 27. Re1 h6 28. Qf7 1-0

[Event "Vienna op-A 15th"]
[Site "Vienna"]
[Date "2006.08.05"]
[Round "8"]
[White "Heiny, Johannes"]
[Black "Zoebisch, Herbert"]
[Result "1-0"]
[WhiteElo "2049"]
[BlackElo "2194"]
[PlyCount "39"]
[EventDate "2006.07.29"]
[EventType "swiss"]
[EventRounds "9"]
[EventCountry "AUT"]
[SourceTitle "CBM 113 Extra"]
[Source "ChessBase"]
[SourceDate "2006.09.14"]
[SourceVersion "1"]
[SourceVersionDate "2006.09.14"]
[SourceQuality "1"]

1. Nf3 d5 2. g3 c6 3. Bg2 Bg4 4. 0-0 Nd7 5. d4 Ngf6 6. c4 e6 7. Qb3 Qb6 8. Nc3 Be7 9. c5 Qxb3 10. axb3 a6 11. b4 Rc8 12. Bf4 0-0 13. h3 Bxf3 14. Bxf3 Rfd8 15. Rfd1 h6 16. g4 Nh7 17. e3 Re8 18. Bg2 f5 19. gxf5 exf5 20. Nxd5 1-0

[Event "Vienna op-A 15th"]
[Site "Vienna"]
[Date "2006.08.04"]
[Round "7"]
[White "Herndlbauer, Martin"]
[Black "Heiny, Johannes"]
[Result "0-1"]
[WhiteElo "2126"]
[BlackElo "2049"]
[PlyCount "76"]
[EventDate "2006.07.29"]
[EventType "swiss"]
[EventRounds "9"]
[EventCountry "AUT"]
[SourceTitle "CBM 113 Extra"]
[Source "ChessBase"]
[SourceDate "2006.09.14"]
[SourceVersion "1"]
[SourceVersionDate "2006.09.14"]
[SourceQuality "1"]

1. d4 Nf6 2. c4 c5 3. d5 e6 4. Nc3 exd5 5. cxd5 d6 6. e4 g6 7. f3 Bg7 8. Bg5 0-0 9. Qd2 Na6 10. Bxa6 bxa6 11. Nge2 Rb8 12. 0-0 Qb6 13. b3 a5 14. Na4 Qb4 15. Rac1 Ba6 16. Rfe1 Rfc8 17. Nb2 Nxe4 18. fxe4 Qxd2 19. Bxd2 Bxb2 20. Rb1 Be5 21. Bxa5 Bd3 22. Rbd1 Bxe4 23. Nc3 Bf5 24. Rxe5 dxe5 25. d6 Be6 26. d7 Rd8 27. Bc7 Ra8 28. Ne4 c4 29. bxc4 Bxc4 30. Nf6+ Kg7 31. Bxe5 Bxa2 32. Ng4+ Kf8 33. Bd6+ Kg8 34. Nf6+ Kg7 35. Be5 g5 36. Rd5 Bxd5 37. Nxd5+ Kh6 38. Nf6 a5 0-1

[Event "Vienna op-A 15th"]
[Site "Vienna"]
[Date "2006.08.02"]
[Round "5"]
[White "Steiner, Bruno"]
[Black "Heiny, Johannes"]
[Result "1-0"]
[WhiteElo "2253"]
[BlackElo "2049"]
[PlyCount "61"]
[EventDate "2006.07.29"]
[EventType "swiss"]
[EventRounds "9"]
[EventCountry "AUT"]
[SourceTitle "CBM 113 Extra"]
[Source "ChessBase"]
[SourceDate "2006.09.14"]
[SourceVersion "1"]
[SourceVersionDate "2006.09.14"]
[SourceQuality "1"]

1. c4 Nf6 2. g3 g6 3. Bg2 Bg7 4. Nc3 0-0 5. e4 d6 6. Nge2 c5 7. 0-0 Nc6 8. d3 Bd7 9. h3 a6 10. Be3 Rb8 11. Qd2 b5 12. f4 bxc4 13. dxc4 Qc8 14. Kh2 Rd8 15. b3 Nb4 16. Rad1 a5 17. f5 Bc6 18. Bh6 Bh8 19. Nf4 a4 20. bxa4 Qb7 21. a3 Na6 22. e5 Ne4 23. Nxe4 Bxe4 24. fxg6 hxg6 25. Nxg6 fxg6 26. Qf4 Bxe5 27. Qf7+ Kh8 28. Rf4 g5 29. Bxe4 Qb2+ 30. Rf2 Bxg3+ 31. Kh1 1-0

[Event "AUT-ch U18"]
[Site "Tschagguns"]
[Date "2006.04.09"]
[Round "1"]
[White "Heiny, Johannes"]
[Black "Zrunek, Axel"]
[Result "1-0"]
[WhiteElo "2049"]
[BlackElo "1863"]
[PlyCount "67"]
[EventDate "2006.04.09"]
[EventType "swiss"]
[EventRounds "7"]
[EventCountry "AUT"]
[SourceTitle "CBM 111 Extra"]
[Source "ChessBase"]
[SourceDate "2006.05.09"]
[SourceVersion "1"]
[SourceVersionDate "2006.05.09"]
[SourceQuality "1"]

1. d4 Nf6 2. c4 g6 3. Nc3 d5 4. cxd5 Nxd5 5. e4 Nxc3 6. bxc3 Bg7 7. Bc4 c5 8. Ne2 Nc6 9. Be3 cxd4 10. cxd4 0-0 11. 0-0 Bg4 12. f3 Na5 13. Bxf7+ Rxf7 14. fxg4 Rxf1+ 15. Qxf1 Nc4 16. Qf3 e5 17. d5 b5 18. Rf1 Qe7 19. Nc1 Rf8 20. Qe2 Qa3 21. Re1 Rc8 22. Qd3 Qa5 23. Re2 Bf8 24. Nb3 Qa3 25. Bc1 Qd6 26. Rc2 Rc7 27. Kh1 a5 28. h3 Qb6 29. Bg5 Rf7 30. Nd2 Nxd2 31. Rxd2 Bd6 32. Be3 Qb8 33. Rc2 b4 34. Qa6 1-0

[Event "AUT-ch U16"]
[Site "Saalfelden"]
[Date "2005.??.??"]
[Round "7"]
[White "Heiny, Johannes"]
[Black "Wolfram, Dominik"]
[Result "1-0"]
[WhiteElo "2023"]
[BlackElo "2117"]
[PlyCount "39"]
[EventDate "2005.03.??"]
[EventType "swiss"]
[EventRounds "7"]
[EventCountry "AUT"]
[SourceTitle "EXT 2007"]
[Source "ChessBase"]
[SourceDate "2006.11.23"]
[SourceVersion "1"]
[SourceVersionDate "2006.11.23"]
[SourceQuality "1"]

1. d4 Nf6 2. c4 g6 3. Nc3 Bg7 4. e4 d6 5. f3 0-0 6. Be3 Nc6 7. Qd2 a6 8. 0-0-0 Rb8 9. g4 h5 10. gxh5 Nxh5 11. Nge2 b5 12. Ng3 b4 13. Nce2 e5 14. Nxh5 gxh5 15. Bh6 f5 16. Rg1 Rf7 17. dxe5 Nxe5 18. Qd5 Bb7 19. Rxg7+ Kh8 20. Qxe5 1-0

[Event "Vienna op-B 14th"]
[Site "Vienna"]
[Date "2003.08.24"]
[Round "9"]
[White "Mischek, Gerhard"]
[Black "Heiny, Johannes"]
[Result "0-1"]
[WhiteElo "1822"]
[BlackElo "1756"]
[PlyCount "68"]
[EventDate "2003.08.16"]
[EventType "swiss"]
[EventRounds "9"]
[EventCountry "AUT"]
[SourceTitle "CBM 095 Extra"]
[Source "ChessBase"]
[SourceDate "2003.09.04"]
[SourceVersion "1"]
[SourceVersionDate "2003.09.04"]
[SourceQuality "1"]

1. Nf3 d5 2. c4 d4 3. b3 c5 4. d3 Nc6 5. Bf4 g6 6. Nbd2 Bg7 7. Ne4 e5 8. Bd2 b6 9. h3 f5 10. Bg5 Qc7 11. Ng3 f4 12. Ne4 h6 13. Bh4 g5 14. Nfxg5 hxg5 15. Bxg5 Bf5 16. g3 Bxe4 17. dxe4 Bf6 18. Bxf6 Nxf6 19. Bg2 fxg3 20. fxg3 Qh7 21. a3 Ng4 22. Bf3 Ne3 23. Qd3 0-0-0 24. Kf2 Rdg8 25. Rag1 Qd7 26. g4 Rh4 27. Rg3 Rgh8 28. Qb1 Nd8 29. Qg1 Ne6 30. Bg2 Nf4 31. Bf1 Qh7 32. Rh2 Qxe4 33. g5 Rf8 34. Ke1 Qb1+ 0-1